000
00266nam a22000977a 4500
008
230627b xxu||||| |||| 00| 0 eng d
082
_a
333.9121
_b
SHE
245
_a
Water and Population Dynamics
_b
Local Approaches to a Global Challenge
300
_a
34p
942
_2
ddc
_c
BK
999
_c
2898
_d
2898